000 01884cas a2200493 a 4500
001 11321639
003 OSt
005 20150616163346.0
008 831005d19831985ke tr p 0 a0eng c
010 _a 86980039
016 7 _a009181533
_2Uk
035 _a(OCoLC)ocm09982168
040 _aGEU-T
_beng
_cGEU-T
_dMBTI
_dDLC
_dNST
_dDLC
_dNST
_dOCoLC
_dUKMGB
_dOCoLC
041 0 _aengfre
042 _apcc
043 _af------
050 0 0 _aBR1359
_b.A23
082 0 0 _a276/.0828
_219
245 0 4 _aThe AACC magazine.
246 3 _aAll Africa Conference of Churches magazine
246 3 _aA.A.C.C. magazine
246 1 5 _aRevue de la CETA
260 _a[Nairobi, Kenya :
_bAll Africa Conference of Churches, Communications Unit,
_c1983?-1985?]
300 _a3 v. :
_bill. ;
_c25-30 cm.
310 _aThree no. a year
362 0 _aVol. 1, no. 1 (Mar. 1983)-v. 3, no. 1 (May 1985).
500 _aTitle from cover.
546 _aAdded t.p. in French with most articles issued in both English and French.
580 _aFormed by the union of the English publications: AACC bulletin, and: AACC newsletter, and the French publications: CETA bulletin, and: Horizons (Nairobi, Kenya).
580 _aContinued in 1986 by: African challenge.
590 _aSERBIB/SERLOC merged record
650 0 _aChristianity
_zAfrica
_vPeriodicals.
650 0 _aChurch and social problems
_zAfrica
_vPeriodicals.
651 0 _aAfrica
_xReligion
_vPeriodicals.
710 2 _aAll Africa Conference of Churches.
780 1 4 _tAACC bulletin
_w(OCoLC)2979960
780 1 4 _tAACC newsletter
_w(DLC) 79646842
_w(OCoLC)6127784
780 1 4 _tCETA bulletin
780 1 4 _tHorizons (Nairobi, Kenya)
785 1 0 _tAfrican challenge (Nairobi, Kenya)
_w(DLC)sn 89012053
_w(OCoLC)14233458
906 _a7
_bcbc
_cserials
_d3
_encip
_f19
_gn-oclcserc
942 _2lcc
_cPER
999 _c44769
_d44769